|
|
|
|
| LEADER |
00000nam a22000007a 4500 |
| 005 |
20140827214353.0 |
| 007 |
cr|||| |||| |
| 008 |
140827s2012 mx |||||s|||| 00||0 spa d |
| 020 |
|
|
|a 978-607-95259-3-4
|
| 035 |
|
|
|a 12358
|
| 040 |
|
|
|a vLex
|
| 090 |
|
|
|c 5133
|d 5133
|
| 100 |
1 |
|
|a Sosa C., Rafael
|
| 245 |
1 |
0 |
|a Uso y utilidad de los Incoterms 2010 en el comercio, aduanas y contratos de compraventa internacional
|h [Recurso electrn̤ico] /
|c Rafael Sosa C.
|
| 256 |
|
|
|a Servicio en ln̕ea
|
| 260 |
|
|
|a Ciudad de Mx̌ico:
|b Carpenter Consulting Group,
|c 2012
|
| 300 |
|
|
|a 1 recurso electrn̤ico
|
| 506 |
1 |
|
|a Disponible solo en los productos indicados
|d vLex Global
|d vLex Global (Academic Edition, excluding Law Schools)
|d vLex Global (U.S. Academic Edition, Law Schools)
|d vLex Global (U.S. Academic Edition, excluding Law Schools)
|d vLex Global (Academic Edition, Law Schools)
|
| 650 |
0 |
4 |
|a Derecho Civil
|z Mx̌ico
|
| 650 |
0 |
4 |
|a Derecho Pb︢lico y Administrativo
|z Mx̌ico
|
| 650 |
0 |
4 |
|a Derecho Internacional
|z Mx̌ico
|
| 740 |
0 |
|
|a vLex Libros (Servicio en ln̕ea)
|
| 856 |
4 |
0 |
|u http://vlex.com/source/uso-y-utilidad-de-los-incoterms-2010-en-el-comercio-aduanas-y-contratos-de-compraventa-internacional-12358
|z Acceso restringido
|
| 942 |
|
|
|c BOOK
|
| 999 |
0 |
|
|a Civil Law
|
| 999 |
0 |
|
|a Public and Administrative Law
|
| 999 |
0 |
|
|a International Law
|